| 000 | 01382nam a22004097a 4500 | ||
|---|---|---|---|
| 003 | CHAP | ||
| 005 | 20220329142436.0 | ||
| 008 | 010214d2000 mx a r 00110 spa d | ||
| 010 | _a83520 | ||
| 011 | _a84492 | ||
| 020 | _a968786365X | ||
| 035 | _a95012 | ||
| 040 | _cCHAP | ||
| 090 | _aFolleto 16113 | ||
| 100 | 0 | 0 |
_aCastilo Campos, Gonzalo. _920273 |
| 245 | 1 | 0 |
_aMemecylaceae _c/por Gonzalo Castillo-Campos y Sergio Avendaño Reyes |
| 260 |
_aXalapa, Ver. : _bInstituto de Ecología, _c2000. |
||
| 300 |
_a8 p. : _bilus. ; mapas |
||
| 410 | 2 | _aInstituto de Ecología | |
| 490 | 0 |
_aFlora de Veracruz _v; 116 |
|
| 590 |
_aBATCH-UPD _b10 _c20130110 _lUCH01 _h0420 |
||
| 590 |
_aBATCH-UPD _b10 _c20130110 _lUCH01 _h2336 |
||
| 590 |
_aBATCH-UPD _b10 _c20130410 _lUCH01 _h0055 |
||
| 590 |
_aBATCH-UPD _b10 _c20130410 _lUCH01 _h1626 |
||
| 590 |
_aBATCH-UPD _b10 _c20130914 _lUCH01 _h0737 |
||
| 590 |
_aCONVERSION _b10 _c20130109 _lUCH01 _h1346 |
||
| 650 | 1 | 4 |
_aBotánica _xVeracruz. _914633 |
| 650 | 1 | 4 |
_aMelanthiaceae. _974311 |
| 700 | 0 |
_aAvendaño Reyes, Sergio. _98570 |
|
| 810 | 0 | 0 |
_aInstituto de Ecología _959115 |
| 830 | 0 | 0 |
_aFlora de Veracruz _v; 116 _941323 |
| 901 | _aBK | ||
| 905 | _aPatricia Mendoza P. | ||
| 942 | _cFOLL | ||
| 949 |
_aFolleto 16113 _bBC _cFOLL _d950121 _eTS1 _i95012 _kDonaciØn _sb |
||
| 949 |
_aFolleto 16113 _bBC _cFOLL _d950122 _eTS2 _fc.2 _i95012 _kDonaciØn _sb |
||
| 999 |
_c83520 _d83520 |
||